00409nam a2200145Ia 4500008004100000100001300041245005200054245001200106260002100118260000900139300003400148440005800182650001100240650001200251190509s9999 xx 000 0 und d aMa, Lybi a2-Minute memoir: travels with 94-year-old Ahma/ cLybi Ma bSussex Publisher c2018 aPages 40-43, July/August 2018 aPsychology Today: Turning Pointsv1/2/1900 3:04:00 AM afamily areunion